000 00230 a2200097 4500
001 18523
100 _aMotamar A.A.I
245 _aStudies on commonwealth Muslim countries
260 _a
_bUnima pub house
_c
090 _c13758
_d13758
942 _aNUST-CAE
_cM
_c4178
999 _c253596
_d253596